• 首页
  • 本馆介绍
  • 公告通知
  • 最新文献
  • 馆藏检索
  • 电子资源
  • 读者导购
  • 参考咨询
  • 我的图书馆
  • 登录
  • 详细信息显示
  • 放入我的书架
  • 预约/预借图书
  • 作者相关作品
  • 分类相关作品
  • 丛书相关作品
  • 出版社相关作品

书目信息

  • 表格格式
  • 工作单格式
  • 卡片格式
题名:
密度和浓度
    
 
作者: 蓑轮 , 善藏 著
分册:  
出版信息: 北京   计量出版社  1981.3
页数: 177页
开本: 20cm
丛书名:
单 册:
中图分类: TB922
科图分类:
主题词: 几何量--计量
电子资源:
ISBN:
000 00513nam0 2200193 45
001 0312221749
005 20060805151335.18
010    @dCNY0.90
100    @a20031222d1981 km y0chiy0120 ea
101    @achi
200 1  @a密度和浓度@AMi Du He Nong Du@f蓑轮,善藏著@FSuo Lun,Shan Cang Zhu
210    @a北京@c计量出版社@d1981.3
215    @a177页@d20cm
606 0  @a几何量@x计量
690    @aTB922@v3
701 0  @a蓑轮@4著
701 0  @a善藏@4著
801    @aCN@bTSTCL@c20060805
905    @a213230@dTB922@e3@b56596-598@f3
    
    密度和浓度/蓑轮,善藏著.-北京:计量出版社,1981.3
    177页;20cm
    
    
    ISBN :CNY0.90
    
●
相关链接 在E读中查询图书 在五车中查询图书 在当当中查询图书 在豆瓣中查询图书


正题名:密度和浓度     索取号:TB922/3         预约/预借

序号 登录号 条形码 馆藏地/架位号 状态 备注
1 0056596   001361582   密集书库/ [索取号:TB922/3] 在馆    
2 0056597   001361626   第三借阅区/ [索取号:TB922/3] 在馆    
3 0056598   001361546   第二样本阅览室/ [索取号:TB922/3] 在馆    
4 0439435   204394351   密集书库/ [索取号:TB922/3] 在馆    
5 0451599   204515998   密集书库/ [索取号:TB922/3] 在馆    
唐山师范学院图书馆 欢迎您!
大连网信软件有限公司© 版权所有